Paroles : Plus près des étoiles - Gold - Statistiques

Statistiques générales
  • Ce quiz a été pris 504 fois
  • Le résultat moyen est 208 sur 271
Statistiques - réponses
Paroles % Correct
de
100%
Et
100%
et
100%
des
99%
Des
99%
étoiles
99%
plus
99%
près
99%
un
99%
Un
99%
peu
98%
A
96%
à
96%
la
93%
le
93%
Le
93%
les
91%
Les
91%
du
89%
Au
88%
d'argent
88%
lumière
88%
Pour
83%
pour
83%
vent
83%
Ils
82%
jardin
82%
qui
81%
ont
80%
qu'avant
79%
l'abri
77%
leurs
76%
Leurs
76%
libres
75%
oublier
74%
peine
72%
quitté
72%
terres
70%
rivages
69%
brûlants
68%
colères
67%
En
64%
grand
60%
sacrés
59%
livres
55%
salé
55%
Une
55%
champs
54%
Sans
54%
sans
54%
vie
54%
ciel
53%
dans
53%
Traversés
51%
fleuve
50%
rizières
50%
Sur
50%
sur
50%
vers
50%
yeux
50%
loin,
49%
loin
49%
soleil,
49%
soleil
49%
liberté
48%
mains
47%
Jusqu'au
46%
papier
46%
cri
45%
enfants
45%
pierres
45%
tendues
45%
visages
45%
pluie
44%
mort
43%
Trop
43%
trop
43%
mer
42%
encore
41%
Eux
41%
murs
41%
emporter
40%
miel
40%
mouillés
40%
blanc
38%
entre
38%
grandir
38%
brille
37%
croyaient
37%
l'ombre
37%
regardant
37%
brûlé
36%
fleurs
36%
pied
36%
vieillir
36%
marbre
35%
d'acier
34%
fermé
34%
mi-clos
34%
sourire
34%
demi-mots
33%
s'est
33%
dragons
32%
île
32%
mi-chemin
32%
posé
31%
parlent
30%
paupières
30%
amour,
28%
chenilles
28%
cerf
27%
volant
27%
Refermés
24%
Bouddhas
23%
Aucun quiz correspondant
Distribution des résultats
% des personnes avec chaque résultat
Percentile par nombre de réponses
Votre historique - résultats
Vous n’avez pas pris ce quiz